000 00532nam a22001937a 4500
003 MPLRDC
005 20220104124313.0
008 210129b ||||| |||| 00| 0 eng d
020 _a7-5404-0898-7
082 _a781.08 SJMR v.6
100 _aA.涅克拉索夫
245 _a生来就是博物学家: 达尔文传
_c韦清豪 等译
250 _a一版一刷
260 _a
_b湖南文艺出版社
_c1992
300 _b
490 _a世界名人文学传记丛书
650 _a名人传记
942 _cBK
_o781.08 SJMR v.6
999 _c18260
_d18250